00580nam a2200181Ia 4500952012900000999001700129003000400146005001700150008004100167040000900208082001500217100002400232245003600256260004200292300001000334650001800344942003600362 00102ddc40708HISTORYaMESbMEScHISd2019-02-20g159.25l0o909 DUR/Ap6764r2019-02-20 00:00:00w2019-02-20yBKzGL42R4 c19103d19103OSt20200630150838.0190216s9999||||xx |||||||||||||| ||und|| coclc a909bDUR/A aDurant, Will 92822 4aThe Age Of Faith /cWill Durant bSimon And Schuster,c1950.aNew York: a1196p aWorld History cBK2ddch909iDUR/Ak909mDUR/A